Statistics for Biggest cities in the USA by decade

Click here to take the quiz!

General Stats

  • This quiz has been taken 172 times
  • The average score is 75 of 80

Answer Stats

DecadePopulationAnswer% Correct
3,529,000Houston
99%
11,257,000Houston
99%
9,635,000Houston
99%
8,051,000Houston
99%
6,943,000Houston
99%
5,761,000Houston
99%
4,385,000Houston
99%
195015,239,000New York City
99%
201920,000,000New York City
99%
201018,942,000New York City
99%
200018,000,000New York City
99%
198017,000,000New York City
99%
197016,559,000New York City
99%
199017,477,000New York City
99%
196016,001,000New York City
99%
14,275,000Los Angeles
98%
10,004,000Los Angeles
98%
12,265,000Los Angeles
98%
4,357,000Los Angeles
98%
6,234,000Los Angeles
98%
7,746,000Los Angeles
98%
16,338,000Los Angeles
98%
8,949,000Los Angeles
98%
4,081,000Dallas
97%
6,795,000Dallas
97%
5,372,000Dallas
97%
9,528,000Dallas
97%
8,162,000Dallas
97%
8,946,000Chicago
96%
8,363,000Chicago
96%
7,823,000Chicago
96%
9,451,000Chicago
96%
5,982,000Chicago
96%
6,997,000Chicago
96%
6,867,000Chicago
96%
7,484,000Chicago
96%
1,864,000Boston
95%
3,792,000Boston
95%
6,202,000Boston
95%
4,838,000Boston
95%
2,854,000Boston
95%
5,800,000Boston
95%
3,738,000Detroit
94%
5,361,000Detroit
94%
3,959,000Detroit
94%
4,846,000Detroit
94%
4,294,000Detroit
94%
6,395,000Philadelphia
94%
4,000,000Philadelphia
94%
7,174,000Philadelphia
94%
6,814,000Philadelphia
94%
4,884,000Philadelphia
94%
5,863,000Philadelphia
94%
5,438,000Philadelphia
94%
9,472,000Miami
93%
7,031,000Miami
93%
7,805,000San Francisco
91%
5,100,000San Francisco
91%
3,923,000San Francisco
91%
9,282,000San Francisco
91%
6,427,000San Francisco
91%
5,926,000Phoenix
90%
10,225,000Phoenix
90%
8,001,000Phoenix
90%
3,369,000Washington D.C
89%
6,958,000Washington D.C
89%
4,225,000Washington D.C
89%
8,000,000Washington D.C
89%
5,000,000Washington D.C
89%
2,000,000Washington D.C
89%
9,047,000Washington D.C
89%
5,749,000Washington D.C
89%
3,781,000Baltimore
85%
3,215,000Baltimore
85%
3,585,000Baltimore
85%
8,973,000Atlanta
81%
3,516,000Cleveland
70%
3,274,000Cleveland
70%
2,989,000Cleveland
70%
2,361,000St. Louis
69%

Score Distribution

Percentile by Number Answered

Percent of People with Each Score

Your Score History

You have not taken this quiz